| 000 | 00945cam a2200301 a 4500 | ||
|---|---|---|---|
| 001 | 4883 | ||
| 003 | BD-RjUL | ||
| 005 | 20211208233954.0 | ||
| 008 | 131223s1967 paua bf 001 0 eng d | ||
| 020 | _a0874343976 : | ||
| 035 | _a(BD-RjUL)4918 | ||
| 040 |
_aDNLM/DLC _cDLC _dDLC _d(BD-RjUL) _beng |
||
| 041 | _aeng | ||
| 060 | _aWY 39 N9734 | ||
| 082 | 0 | 0 |
_a610.7367 _220 _bFLM |
| 100 | 1 |
_aFleury,P.M _915390 |
|
| 245 | 0 | 0 |
_aMaternity care : _cFleury,P.M _bMothers Experiences of Childbirth / |
| 260 |
_aLondon : _bGeorge Allen and Unwin Ltd., _cc1967 |
||
| 300 |
_axiii, 128 p. : _bill. (some col.) ; _c18 cm. |
||
| 504 | _aIncludes bibliographical references and index. | ||
| 650 | 0 |
_aMaternity nursing _vHandbooks, manuals, etc. _915392 |
|
| 650 | 2 |
_aObstetrical Nursing _xhandbooks. _915393 |
|
| 700 | 1 |
_a. _915394 |
|
| 942 |
_2ddc _cBK |
||
| 999 |
_c4883 _d4883 |
||